[Event "Bydgoszcz op-A"]
[Site "Bydgoszcz"]
[Date "2023.06.28"]
[Round "5"]
[White "Zebracki, Tomasz"]
[Black "Hnydiuk, Aleksander"]
[Result "1-0"]
[WhiteElo "2216"]
[BlackElo "2363"]
[PlyCount "131"]
[EventDate "2023.06.24"]
[EventType "swiss"]
[EventRounds "9"]
[EventCountry "POL"]
[SourceTitle "CBM 215 Extra"]
[Source "ChessBase"]
[SourceDate "2023.09.30"]
[SourceVersion "1"]
[SourceVersionDate "2023.09.30"]
[SourceQuality "1"]

1. e4 c5 2. d4 cxd4 3. c3 dxc3 4. Nxc3 Nc6 5. Nf3 e6 6. Bc4 d6 7. Bf4 Be7 8. 0-0 Nf6 9. Qe2 e5 10. Be3 0-0 11. Rfd1 Be6 12. Bb5 a6 13. Bxc6 bxc6 14. Nxe5 Qc7 15. Nf3 Bg4 16. h3 Bh5 17. Bf4 Rfd8 18. Rd3 Qb7 19. Rad1 d5 20. exd5 Nxd5 21. Nxd5 Rxd5 22. Rb3 Qd7 23. Rxd5 cxd5 24. Qd2 Bxf3 25. Rxf3 Bf6 26. Rb3 Rd8 27. Rb6 Qa4 28. b3 Qe4 29. Rxa6 d4 30. Rb6 d3 31. Rd6 Rxd6 32. Bxd6 h6 33. Bf4 g5 34. Be3 Be7 35. Qc3 Bb4 36. Qf6 Qd5 37. Bd4 Kf8 38. Qb6 Be7 39. Qb8+ Bd8 40. Qb4+ Kg8 41. Bc3 Bf6 42. Bd2 Qe5 43. a4 Qe2 44. a5 Be7 45. Qc3 Bf6 46. Qxf6 Qxd2 47. a6 Qc1+ 48. Kh2 d2 49. a7 Qc7+ 50. g3 Qxa7 51. Qd8+ Kg7 52. Qxd2 Qb6 53. b4 f6 54. Qd7+ Kf8 55. Qc8+ Ke7 56. Qc5+ Qxc5 57. bxc5 Kd7 58. Kg2 Kc6 59. Kf3 f5 60. h4 Kxc5 61. hxg5 hxg5 62. g4 f4 63. Ke4 f3 64. Kf5 Kd4 65. Kxg5 Ke4 66. Kh4 1-0

[Event "Bydgoszcz op-A"]
[Site "Bydgoszcz"]
[Date "2022.06.30"]
[Round "6"]
[White "Zebracki, Tomasz"]
[Black "Chojnacki, Krzysztof"]
[Result "1/2-1/2"]
[WhiteElo "2200"]
[BlackElo "2371"]
[PlyCount "32"]
[EventDate "2022.06.25"]
[EventType "swiss"]
[EventRounds "10"]
[EventCountry "POL"]
[SourceTitle "CBM 209 Extra"]
[Source "ChessBase"]
[SourceDate "2022.09.30"]
[SourceVersion "1"]
[SourceVersionDate "2022.09.30"]
[SourceQuality "1"]

1. d4 Nf6 2. Bf4 e6 3. e3 d5 4. Nd2 Bd6 5. Bg3 b6 6. c3 0-0 7. Ngf3 c5 8. Bd3 Ba6 9. Bxa6 Nxa6 10. 0-0 Nb8 11. Ne5 Qc7 12. f4 Nc6 13. Bh4 Nd7 14. Qg4 f5 15. Qe2 Nf6 16. Bxf6 Rxf6 1/2-1/2

[Event "Bydgoszcz op-A"]
[Site "Bydgoszcz"]
[Date "2022.06.27"]
[Round "3"]
[White "Lewtak, Damian"]
[Black "Zebracki, Tomasz"]
[Result "1-0"]
[WhiteElo "2388"]
[BlackElo "2200"]
[PlyCount "51"]
[EventDate "2022.06.25"]
[EventType "swiss"]
[EventRounds "10"]
[EventCountry "POL"]
[SourceTitle "CBM 209 Extra"]
[Source "ChessBase"]
[SourceDate "2022.09.30"]
[SourceVersion "1"]
[SourceVersionDate "2022.09.30"]
[SourceQuality "1"]

1. g3 g6 2. Bg2 Bg7 3. Nf3 c5 4. d4 cxd4 5. Nxd4 Nc6 6. Nxc6 bxc6 7. 0-0 Nf6 8. c4 0-0 9. Nc3 Qb6 10. b3 Rd8 11. e4 d5 12. exd5 Nxd5 13. Nxd5 cxd5 14. Be3 Qb8 15. Rc1 Ba6 16. Bf4 Qb6 17. Bxd5 Bb7 18. c5 Qb5 19. a4 Qa5 20. Bxb7 Rxd1 21. Rfxd1 Re8 22. c6 g5 23. Be3 Be5 24. Rc5 Qc7 25. Rd7 Qb8 26. Ra5 1-0

[Event "Bydgoszcz op-A"]
[Site "Bydgoszcz"]
[Date "2022.06.26"]
[Round "2"]
[White "Zebracki, Tomasz"]
[Black "Zaninotto, Franco"]
[Result "1-0"]
[WhiteElo "2200"]
[BlackElo "2069"]
[PlyCount "103"]
[EventDate "2022.06.25"]
[EventType "swiss"]
[EventRounds "10"]
[EventCountry "POL"]
[SourceTitle "CBM 209 Extra"]
[Source "ChessBase"]
[SourceDate "2022.09.30"]
[SourceVersion "1"]
[SourceVersionDate "2022.09.30"]
[SourceQuality "1"]

1. e4 c5 2. Nf3 Nc6 3. d4 cxd4 4. Nxd4 g6 5. c4 Nf6 6. Nc3 Nxd4 7. Qxd4 d6 8. Be3 Bg7 9. Be2 0-0 10. Qd2 Be6 11. Rc1 a5 12. 0-0 a4 13. Rfd1 Qa5 14. f3 Rfc8 15. b3 axb3 16. axb3 Qb4 17. Nd5 Nxd5 18. cxd5 Qxd2 19. Rxc8+ Bxc8 20. Rxd2 Ra1+ 21. Bf1 Bd7 22. Rc2 Bb5 23. Rc8+ Bf8 24. Bc1 Ba6 25. Kf2 Ra2+ 26. Kg3 Kg7 27. Ra8 Rc2 28. Bxa6 bxa6 29. Ba3 f5 30. exf5 Kf7 31. fxg6+ hxg6 32. Rxa6 Rd2 33. Ra5 Bg7 34. Bc1 Rd1 35. Bg5 Be5+ 36. f4 Bd4 37. Rb5 Bc5 38. Rb7 Rxd5 39. Rxe7+ Kf8 40. Rb7 Rd3+ 41. Kg4 d5 42. h4 Rd2 43. g3 d4 44. f5 gxf5+ 45. Kxf5 Rg2 46. h5 d3 47. h6 d2 48. Rd7 Rxg3 49. h7 Rh3 50. Kg6 Be7 51. Bh6+ Ke8 52. Rxd2 1-0

[Event "Bydgoszcz op-A"]
[Site "Bydgoszcz"]
[Date "2022.06.25"]
[Round "1"]
[White "Krasenkow, Michal"]
[Black "Zebracki, Tomasz"]
[Result "1-0"]
[WhiteElo "2569"]
[BlackElo "2200"]
[PlyCount "81"]
[EventDate "2022.06.25"]
[EventType "swiss"]
[EventRounds "10"]
[EventCountry "POL"]
[SourceTitle "CBM 209 Extra"]
[Source "ChessBase"]
[SourceDate "2022.09.30"]
[SourceVersion "1"]
[SourceVersionDate "2022.09.30"]
[SourceQuality "1"]

1. Nf3 d5 2. d4 Nf6 3. c4 c6 4. Qb3 e6 5. g3 Bd6 6. Bg2 Nbd7 7. 0-0 0-0 8. Bf4 Bxf4 9. gxf4 Ne4 10. Nbd2 f5 11. Rac1 Qe8 12. e3 Ndf6 13. Nxe4 Nxe4 14. Rc2 Kh8 15. Ne5 Nd6 16. Rfc1 Nf7 17. Bf3 Nxe5 18. dxe5 b6 19. cxd5 cxd5 20. Rc7 Bd7 21. Qa3 a6 22. Qd6 Bb5 23. Re7 Rc8 24. Rxc8 Qg6+ 25. Kh1 Rxc8 26. Rc7 Re8 27. Qxb6 Bd3 28. Qc6 h6 29. Bxd5 Qh5 30. Bf3 Be4 31. Qxe4 Qh3 32. Bg2 Qh4 33. Qc6 Rg8 34. Rc8 Qxf2 35. Rxg8+ Kxg8 36. Qxe6+ Kh8 37. Qc8+ Kh7 38. Qxf5+ g6 39. Qf7+ Kh8 40. h3 h5 41. Qxg6 1-0

[Event "Bydgoszcz PGNiG Blitz"]
[Site "Bydgoszcz"]
[Date "2021.09.19"]
[Round "11"]
[White "Zebracki, Tomasz"]
[Black "Kucza, Karol"]
[Result "0-1"]
[WhiteElo "2223"]
[BlackElo "2322"]
[PlyCount "58"]
[EventDate "2021.09.19"]
[EventType "swiss (blitz)"]
[EventRounds "13"]
[EventCountry "POL"]
[SourceTitle "CBM 204 Extra"]
[Source "ChessBase"]
[SourceDate "2021.11.30"]
[SourceVersion "1"]
[SourceVersionDate "2021.11.30"]
[SourceQuality "1"]

1. e4 e5 2. Nf3 Nc6 3. c3 d5 4. Qa4 Bd7 5. exd5 Nd4 6. Qd1 Nxf3+ 7. Qxf3 Nf6 8. d3 h6 9. h3 Bd6 10. Be2 0-0 11. 0-0 c6 12. dxc6 Bxc6 13. Qe3 Re8 14. Bf3 e4 15. dxe4 Nxe4 16. Qd4 Qc7 17. Be3 Bc5 18. Qd1 Rad8 19. Qc1 Bxe3 20. fxe3 Ng3 21. Re1 Bxf3 22. gxf3 Ne4 23. f4 Re6 24. Kh2 Qe7 25. Re2 Rg6 26. Nd2 Rxd2 27. Rxd2 Qh4 28. Qe1 Rg3 29. Qf2 Qxh3# 0-1

[Event "POL-chT 2nd League"]
[Site "Sypniewo"]
[Date "2021.09.05"]
[Round "2.13"]
[White "Zebracki, Tomasz"]
[Black "Babiarz, Arkadiusz"]
[Result "1-0"]
[WhiteElo "2223"]
[BlackElo "2000"]
[PlyCount "79"]
[EventDate "2021.09.04"]
[EventType "team-swiss"]
[EventRounds "9"]
[EventCountry "POL"]
[SourceTitle "CBM 204 Extra"]
[Source "ChessBase"]
[SourceDate "2021.11.30"]
[SourceVersion "1"]
[SourceVersionDate "2021.11.30"]
[SourceQuality "1"]
[WhiteTeam "Bydgoszcz Wiartrak"]
[BlackTeam "Rzeszow RzKSz"]
[WhiteTeamCountry "POL"]
[BlackTeamCountry "POL"]

1. d4 d5 2. Bf4 c5 3. Nc3 Nf6 4. e3 a6 5. Nf3 Nc6 6. Be2 Bf5 7. Ne5 e6 8. g4 Bg6 9. h4 cxd4 10. exd4 Qb6 11. Nxc6 bxc6 12. h5 Be4 13. f3 Qxb2 14. Na4 Bb4+ 15. Kf2 Qa3 16. c3 Bxc3 17. Nxc3 Qxc3 18. Rc1 Qa3 19. g5 Ng4+ 20. Kg3 Ne3 21. Qd2 Nc4 22. Rc3 Nxd2 23. Rxa3 Nb1 24. Re3 Bc2 25. Rc1 Ba4 26. Rxb1 Bb5 27. a4 Bxa4 28. Ra3 Bb5 29. Bxb5 cxb5 30. Rxb5 0-0 31. Rba5 f6 32. Rxa6 Rxa6 33. Rxa6 fxg5 34. Bxg5 Rf5 35. Kg4 Kf7 36. Ra7+ Kf8 37. h6 gxh6 38. Bxh6+ Kg8 39. Rg7+ Kh8 40. Re7 1-0

[Event "POL-chT Academic"]
[Site "Katowice"]
[Date "2020.11.15"]
[Round "8.22"]
[White "Zebracki, Tomasz"]
[Black "Lukasiewicz, Aleksander"]
[Result "1-0"]
[WhiteElo "2209"]
[BlackElo "1936"]
[PlyCount "59"]
[EventDate "2020.11.14"]
[EventType "team-swiss (rapid)"]
[EventRounds "9"]
[EventCountry "POL"]
[SourceTitle "CBM 199 Extra"]
[Source "ChessBase"]
[SourceDate "2021.01.31"]
[SourceVersion "1"]
[SourceVersionDate "2021.01.31"]
[SourceQuality "1"]
[WhiteTeam "Warszawa Univ"]
[BlackTeam "Wroclaw University"]
[WhiteTeamCountry "POL"]
[BlackTeamCountry "POL"]

1. e4 e5 2. Nf3 Nc6 3. c3 d5 4. Qa4 dxe4 5. Nxe5 Qd5 6. Nxc6 bxc6 7. Bc4 Qd6 8. 0-0 Nf6 9. d3 Be7 10. dxe4 0-0 11. Nd2 Ng4 12. Nf3 Qg6 13. Bf4 Bc5 14. Rad1 Kh8 15. Bd3 f5 16. exf5 Bxf5 17. Nh4 Qh5 18. Nxf5 Nxf2 19. Rxf2 Bxf2+ 20. Kxf2 Rad8 21. Rd2 Rxd3 22. Rxd3 Qxf5 23. Rf3 Qd5 24. Qc2 Qxa2 25. Be5 Re8 26. Bd4 Qa1 27. Be5 Qa5 28. Qf5 h6 29. Bxg7+ Kxg7 30. Qxa5 1-0

[Event "POL-chT Academic"]
[Site "Katowice"]
[Date "2020.11.14"]
[Round "4.10"]
[White "Kiolbasa, Oliwia"]
[Black "Zebracki, Tomasz"]
[Result "1/2-1/2"]
[WhiteElo "2260"]
[BlackElo "2209"]
[PlyCount "72"]
[EventDate "2020.11.14"]
[EventType "team-swiss (rapid)"]
[EventRounds "9"]
[EventCountry "POL"]
[SourceTitle "CBM 199 Extra"]
[Source "ChessBase"]
[SourceDate "2021.01.31"]
[SourceVersion "1"]
[SourceVersionDate "2021.01.31"]
[SourceQuality "1"]
[WhiteTeam "Warszawa Kozminskiego Akad"]
[BlackTeam "Warszawa Univ"]
[WhiteTeamCountry "POL"]
[BlackTeamCountry "POL"]

1. e4 e6 2. d4 d5 3. Nc3 dxe4 4. Nxe4 Nd7 5. Nf3 Ngf6 6. Nxf6+ Nxf6 7. Bd3 b6 8. Ne5 Bb7 9. Bb5+ c6 10. Be2 Bd6 11. 0-0 0-0 12. Bf3 Qc7 13. Qe2 h6 14. Bf4 Rad8 15. Bg3 Nd7 16. Rad1 Nxe5 17. Bxe5 Rd7 18. h3 Rfd8 19. Bxd6 Rxd6 20. c3 Qd7 21. Rfe1 c5 22. Bxb7 Qxb7 23. dxc5 bxc5 24. b3 Qd7 25. Rxd6 Qxd6 26. Qe5 Qd2 27. Re2 Qd1+ 28. Re1 Qd2 29. Re2 Qd3 30. Re3 Qb1+ 31. Kh2 Qxa2 32. Rg3 g6 33. Rxg6+ fxg6 34. Qxe6+ Kf8 35. Qf6+ Ke8 36. Qe6+ Kf8 1/2-1/2

[Event "POL-ch Academic"]
[Site "Katowice"]
[Date "2020.11.14"]
[Round "8"]
[White "Mazur, Bartlomiej"]
[Black "Zebracki, Tomasz"]
[Result "1-0"]
[WhiteElo "1703"]
[BlackElo "2209"]
[PlyCount "165"]
[EventDate "2020.11.13"]
[EventType "swiss (rapid)"]
[EventRounds "9"]
[EventCountry "POL"]
[SourceTitle "CBM 199 Extra"]
[Source "ChessBase"]
[SourceDate "2021.01.31"]
[SourceVersion "1"]
[SourceVersionDate "2021.01.31"]
[SourceQuality "1"]

1. e4 e6 2. d4 d5 3. exd5 exd5 4. Bd3 Bd6 5. Nf3 Nc6 6. h3 Nge7 7. Bg5 f6 8. Be3 Bf5 9. c3 Qd7 10. Qc2 0-0-0 11. Nbd2 Bxd3 12. Qxd3 f5 13. g3 Ng6 14. 0-0-0 Rde8 15. Nf1 f4 16. Bd2 Rhf8 17. Ng5 fxg3 18. fxg3 Rf2 19. Be1 Rfe2 20. Bd2 Na5 21. Ne3 Rf2 22. Nxh7 Nf8 23. Nxf8 Rexf8 24. Ng4 R2f3 25. Qe2 Bxg3 26. Rdf1 Rxf1+ 27. Rxf1 Re8 28. Qf3 Bd6 29. Qf7 Re7 30. Qg6 b6 31. Bg5 Re2 32. Qd3 Qe6 33. Ne3 Rh2 34. h4 Nc4 35. Nxc4 dxc4 36. Qf5 Qxf5 37. Rxf5 Bg3 38. Rf8+ Kb7 39. Rh8 Rh1+ 40. Kc2 Rh2+ 41. Kc1 Kc6 42. h5 Rg2 43. Bd2 Rg1+ 44. Kc2 Rg2 45. Kc1 Bd6 46. Rg8 Rg3 47. h6 gxh6 48. Rxg3 Bxg3 49. Bxh6 Kd5 50. Kd2 Ke4 51. Ke2 Bf4 52. Bg7 Bc1 53. b3 b5 54. Be5 c6 55. Bb8 a6 56. Bd6 Kd5 57. Bb4 Ke4 58. bxc4 bxc4 59. Kd1 Bf4 60. Ke2 Bc7 61. Kd2 Bd8 62. Bc5 Bg5+ 63. Kc2 Kd5 64. Bb6 Be7 65. Kb2 Ke4 66. Kc2 Kf3 67. Kd2 Bg5+ 68. Kc2 Ke2 69. Bc5 Bd8 70. Ba7 Be7 71. Bb6 Ba3 72. Ba7 a5 73. Bb6 a4 74. Ba7 Kf3 75. Bc5 Ke4 76. Bxa3 Ke3 77. Bc5 Ke2 78. Kb2 Kd2 79. Bb4 Kd1 80. Ka3 Kc2 81. Kxa4 Kb1 82. Ka5 Kxa2 83. Kb6 1-0

[Event "Warsaw Najdorf Memorial op-A 17th"]
[Site "Warsaw"]
[Date "2019.07.10"]
[Round "5"]
[White "Zebracki, Tomasz"]
[Black "Czerw, Dawid"]
[Result "1-0"]
[WhiteElo "2183"]
[BlackElo "2326"]
[PlyCount "89"]
[EventDate "2019.07.06"]
[EventType "swiss"]
[EventRounds "9"]
[EventCountry "POL"]
[SourceTitle "CBM 191 Extra"]
[Source "ChessBase"]
[SourceDate "2019.09.30"]
[SourceVersion "1"]
[SourceVersionDate "2019.09.30"]
[SourceQuality "1"]

1. e4 c5 2. Nf3 e6 3. d4 cxd4 4. Nxd4 Nc6 5. Nc3 Qc7 6. f4 a6 7. Nxc6 bxc6 8. Bd3 d5 9. 0-0 Nf6 10. Be3 Be7 11. e5 Nd7 12. Na4 c5 13. c4 d4 14. Bd2 Bb7 15. a3 a5 16. Re1 g6 17. Rb1 Bc6 18. Be4 Bxe4 19. Rxe4 Qc6 20. Re1 0-0 21. b3 f6 22. Nb2 fxe5 23. fxe5 Rf5 24. Nd3 Bf8 25. Qc2 Bg7 26. Bf4 Raf8 27. Bg3 Bh6 28. Bf2 Qc7 29. h4 Nxe5 30. Rxe5 Rxf2 31. Qxf2 Be3 32. Qxe3 dxe3 33. Rxe3 Qd8 34. Rbe1 Qxh4 35. Rxe6 Qd4+ 36. R1e3 Qa1+ 37. Ne1 Qxa3 38. Nf3 Qa1+ 39. Kh2 Qg7 40. R3e5 Qh6+ 41. Kg1 Qc1+ 42. Kh2 Qb2 43. Re3 Rb8 44. Ng5 Qd4 45. Re8+ 1-0

[Event "Warsaw Najdorf Memorial op-A 17th"]
[Site "Warsaw"]
[Date "2019.07.08"]
[Round "3"]
[White "Zebracki, Tomasz"]
[Black "Tomaszewski, Kacper"]
[Result "1/2-1/2"]
[WhiteElo "2183"]
[BlackElo "2346"]
[PlyCount "158"]
[EventDate "2019.07.06"]
[EventType "swiss"]
[EventRounds "9"]
[EventCountry "POL"]
[SourceTitle "CBM 191 Extra"]
[Source "ChessBase"]
[SourceDate "2019.09.30"]
[SourceVersion "1"]
[SourceVersionDate "2019.09.30"]
[SourceQuality "1"]

1. e4 c6 2. c4 d5 3. cxd5 cxd5 4. exd5 Nf6 5. Nc3 g6 6. Nf3 Bg7 7. Bc4 0-0 8. 0-0 Nbd7 9. d3 a6 10. a4 b6 11. Bf4 Bb7 12. Rc1 Rc8 13. Re1 h6 14. h3 Kh7 15. Nd4 Nxd5 16. Bxd5 Bxd5 17. Nxd5 Rxc1 18. Qxc1 Nc5 19. Qc4 e6 20. Nxb6 Bxd4 21. Rd1 e5 22. Nd5 Nxa4 23. Qxa4 Qxd5 24. Be3 Bxe3 25. fxe3 Rb8 26. Rd2 Qc5 27. Re2 Qb5 28. Qxb5 Rxb5 29. d4 exd4 30. exd4 Kg7 31. Kf2 Rb3 32. Rd2 Kf6 33. Ke2 Ke6 34. Kd1 Kd5 35. Kc2 Rb4 36. Rf2 f5 37. g4 fxg4 38. hxg4 Rxd4 39. Rh2 Rxg4 40. Rxh6 Kc4 41. Rh8 Rg2+ 42. Kb1 g5 43. Ra8 Kb5 44. Rb8+ Kc6 45. Ra8 Kb6 46. Rb8+ Kc7 47. Ra8 Kb7 48. Rg8 g4 49. Rg6 g3 50. Ka2 Rg1 51. Kb3 g2 52. Ka2 Kc7 53. Rg7+ Kd6 54. Rg6+ Ke5 55. Rg8 Kf6 56. Rg3 Kf5 57. Rg8 Kf4 58. Rf8+ Kg5 59. Rg8+ Kh4 60. Rh8+ Kg3 61. Rg8+ Kh3 62. Rh8+ Kg4 63. Rg8+ Kf5 64. Rf8+ Ke5 65. Rg8 Kf6 66. Rg3 a5 67. Rg8 Ke5 68. Re8+ Kd5 69. Rg8 Kc4 70. Rc8+ Kb4 71. Rb8+ Kc5 72. Rc8+ Kd6 73. Rg8 a4 74. Rg3 Ke5 75. Rg8 Kf6 76. Rg3 Kf7 77. Rf3+ Kg6 78. Rg3+ Kf5 79. Rg8 Kf4 1/2-1/2

[Event "POL-chT 2nd League"]
[Site "Jastrzebia Gora"]
[Date "2016.09.11"]
[Round "9.62"]
[White "Dzierzak, Radoslaw"]
[Black "Zebracki, Tomasz"]
[Result "1/2-1/2"]
[WhiteElo "2204"]
[BlackElo "2196"]
[PlyCount "66"]
[EventDate "2016.09.03"]
[EventType "team-swiss"]
[EventRounds "9"]
[EventCountry "POL"]
[SourceTitle "EXT 2017"]
[Source "ChessBase"]
[SourceDate "2016.10.25"]
[SourceVersion "1"]
[SourceVersionDate "2016.10.25"]
[SourceQuality "1"]
[WhiteTeam "Podlesie UKS 21"]
[BlackTeam "Bydgoszcz Wiartrak"]
[WhiteTeamCountry "POL"]
[BlackTeamCountry "POL"]

1. e4 e6 2. d4 d5 3. Nd2 dxe4 4. Nxe4 Nd7 5. Nf3 Ngf6 6. Bd3 Nxe4 7. Bxe4 Nf6 8. Bd3 b6 9. Bb5+ Bd7 10. Qe2 Bxb5 11. Qxb5+ Qd7 12. a4 c6 13. Qe2 Bd6 14. 0-0 0-0 15. Bg5 Nd5 16. c4 Nb4 17. Rad1 Qc7 18. Bd2 a5 19. Bxb4 Bxb4 20. Rc1 Rfe8 21. Qe4 h6 22. Ne5 Bd6 23. Nxc6 Bxh2+ 24. Kh1 Rac8 25. Ne5 Bxe5 26. dxe5 Red8 27. b3 Qc5 28. Qf4 Qa3 29. Qe3 Qc5 30. Qe2 Qa3 31. Qe3 Qc5 32. Qe2 Qe7 33. Qe3 Qc5 1/2-1/2

[Event "POL-chT 2nd League"]
[Site "Jastrzebia Gora"]
[Date "2016.09.09"]
[Round "7.74"]
[White "Zebracki, Tomasz"]
[Black "Niekras, Dawid"]
[Result "1-0"]
[WhiteElo "2196"]
[BlackElo "2326"]
[PlyCount "85"]
[EventDate "2016.09.03"]
[EventType "team-swiss"]
[EventRounds "9"]
[EventCountry "POL"]
[SourceTitle "EXT 2017"]
[Source "ChessBase"]
[SourceDate "2016.10.25"]
[SourceVersion "1"]
[SourceVersionDate "2016.10.25"]
[SourceQuality "1"]
[WhiteTeam "Bydgoszcz Wiartrak"]
[BlackTeam "Steszew Lipno"]
[WhiteTeamCountry "POL"]
[BlackTeamCountry "POL"]

1. b3 e5 2. Bb2 Nc6 3. e3 d5 4. Bb5 Bd6 5. f4 Qh4+ 6. g3 Qe7 7. Nf3 f6 8. fxe5 fxe5 9. Bxc6+ bxc6 10. Nxe5 Nf6 11. Nxc6 Qe4 12. 0-0 Bh3 13. Rf2 0-0 14. Bxf6 Rxf6 15. Nc3 Qe8 16. Rxf6 gxf6 17. Nd4 c5 18. Ndb5 Be5 19. Qf3 d4 20. exd4 cxd4 21. Nd1 Rc8 22. Na3 Bd7 23. Nf2 d3 24. c3 Bc6 25. Qxd3 Ba8 26. Qf1 Kh8 27. Nc4 Qc6 28. Re1 Rg8 29. Nxe5 fxe5 30. Ne4 Kg7 31. Qc4 Qxc4 32. bxc4 Rb8 33. Kf2 Rb2 34. Ke3 Rxa2 35. d4 exd4+ 36. cxd4 a5 37. d5 a4 38. Rb1 a3 39. Rb8 Ra1 40. Rxa8 a2 41. Ke2 Rh1 42. Rxa2 Rxh2+ 43. Nf2 1-0

[Event "POL-chT 2nd League"]
[Site "Jastrzebia Gora"]
[Date "2016.09.03"]
[Round "1.80"]
[White "Zebracki, Tomasz"]
[Black "Kujawski, Adam"]
[Result "0-1"]
[WhiteElo "2196"]
[BlackElo "2296"]
[PlyCount "66"]
[EventDate "2016.09.03"]
[EventType "team-swiss"]
[EventRounds "9"]
[EventCountry "POL"]
[SourceTitle "EXT 2017"]
[Source "ChessBase"]
[SourceDate "2016.10.25"]
[SourceVersion "1"]
[SourceVersionDate "2016.10.25"]
[SourceQuality "1"]
[WhiteTeam "Bydgoszcz Wiartrak"]
[BlackTeam "Bydgoszcz Hetman"]
[WhiteTeamCountry "POL"]
[BlackTeamCountry "POL"]

1. b3 c5 2. Bb2 Nc6 3. e3 e5 4. Bb5 Qg5 5. Qf3 Nge7 6. Na3 d5 7. h4 Qf6 8. Bxc6+ Qxc6 9. Bxe5 h5 10. Qe2 Ng6 11. Bb2 Be7 12. Bxg7 Rg8 13. Bb2 a6 14. Qxh5 Be6 15. g3 d4 16. Rh2 0-0-0 17. 0-0-0 c4 18. Nxc4 Bxc4 19. bxc4 Qxc4 20. Kb1 Rd5 21. Qe2 Qa4 22. Qd3 Rb5 23. Ka1 Ne5 24. Qxd4 Nc4 25. d3 Nxb2 26. Qxa4 Nxa4 27. Ne2 Ba3 28. c4 Rb2 29. Re1 Bb4 30. Rb1 Rxe2 31. Rxb4 Nc3 32. Rb2 Re1+ 33. Rb1 Rxb1# 0-1

[Event "Rubinstein Memorial 52nd"]
[Site "Polanica Zdroj"]
[Date "2016.08.24"]
[Round "5"]
[White "Zebracki, Tomasz"]
[Black "Luba, Lukasz"]
[Result "1-0"]
[WhiteElo "2172"]
[BlackElo "2117"]
[PlyCount "68"]
[EventDate "2016.08.20"]
[EventType "swiss"]
[EventRounds "10"]
[EventCountry "POL"]
[SourceTitle "CBM 174 Extra"]
[Source "ChessBase"]
[SourceDate "2016.10.10"]
[SourceVersion "1"]
[SourceVersionDate "2016.10.10"]
[SourceQuality "1"]

1. e4 g6 2. d4 d6 3. f4 Bg7 4. Nc3 a6 5. Nf3 Bg4 6. Be3 Nd7 7. h3 Bxf3 8. Qxf3 c6 9. Bd3 e6 10. 0-0-0 Qa5 11. Kb1 Ne7 12. g4 f5 13. exf5 exf5 14. Bd2 Qc7 15. gxf5 0-0-0 16. fxg6 hxg6 17. d5 c5 18. Rhg1 Rdf8 19. Rde1 Bd4 20. Rg2 Rh7 21. h4 Kb8 22. Rge2 Ne5 23. Qh3 Nxd3 24. Qxd3 Bxc3 25. Bxc3 Rf5 26. Re6 Nxd5 27. Be5 dxe5 28. Qxd5 exf4 29. Re8+ Ka7 30. Qg8 c4 31. Ra8+ Kb6 32. Qxg6+ Qc6 33. Qxf5 Rxh4 34. a4 Rh3 1-0

[Event "Rubinstein Memorial op 51st"]
[Site "Polanica Zdroj"]
[Date "2015.08.23"]
[Round "2"]
[White "Kopaczewski, Adam"]
[Black "Zebracki, Tomasz"]
[Result "0-1"]
[WhiteElo "1920"]
[BlackElo "2158"]
[PlyCount "56"]
[EventDate "2015.08.22"]
[EventType "swiss"]
[EventRounds "9"]
[EventCountry "POL"]
[SourceTitle "EXT 2016"]
[Source "ChessBase"]
[SourceDate "2015.10.08"]
[SourceVersion "1"]
[SourceVersionDate "2015.10.08"]
[SourceQuality "1"]

1. e4 e6 2. Nc3 d5 3. Nf3 Nf6 4. exd5 Nxd5 5. Bc4 Be7 6. d4 Nxc3 7. bxc3 0-0 8. 0-0 Nd7 9. Bf4 Nb6 10. Bd3 Nd5 11. Be5 Nxc3 12. Bxh7+ Kxh7 13. Qd3+ Kg8 14. Qxc3 Bd6 15. Qd3 Bxe5 16. Nxe5 b6 17. Qe4 Rb8 18. Qg4 Bb7 19. Rfe1 Qe7 20. Re3 Rfd8 21. Rh3 Qf6 22. Qh5 Kf8 23. Nd7+ Rxd7 24. Qh8+ Ke7 25. Qxb8 Qxd4 26. Re1 Qe4 27. Kf1 Ba6+ 28. Rd3 Rxd3 0-1

[Event "Lazy op 11th"]
[Site "Lazy"]
[Date "2015.07.07"]
[Round "9"]
[White "Zebracki, Tomasz"]
[Black "Kubicka, Anna"]
[Result "0-1"]
[WhiteElo "2114"]
[BlackElo "2014"]
[PlyCount "46"]
[EventDate "2015.06.28"]
[EventType "swiss"]
[EventRounds "9"]
[EventCountry "POL"]
[SourceTitle "CBM 167 Extra"]
[Source "ChessBase"]
[SourceDate "2015.09.14"]
[SourceVersion "1"]
[SourceVersionDate "2015.09.14"]
[SourceQuality "1"]

1. e4 d6 2. d4 Nf6 3. Nc3 Nbd7 4. f4 e5 5. Nf3 exd4 6. Qxd4 Be7 7. Bd2 a6 8. 0-0-0 0-0 9. h3 b5 10. g4 c5 11. Qe3 b4 12. Ne2 Qa5 13. Kb1 d5 14. Ng3 dxe4 15. Nxe4 Bb7 16. Nxf6+ Bxf6 17. Bc1 Nb6 18. Rh2 Nd5 19. Qf2 Bxb2 20. Bxb2 Nc3+ 21. Bxc3 bxc3 22. Ka1 Qa3 23. Rb1 Bd5 0-1